Les équipes victimes d'Eden Hazard - Statistiques

Statistiques générales
  • Ce quiz a été pris 65 fois
  • Le résultat moyen est 27 sur 92
Statistiques - réponses
Buts Equipes % Correct
5 Manchester United
96%
4 Manchester City
95%
3 PSG
91%
1 Lyon
89%
7 Arsenal
84%
3 OM
84%
7 Liverpool
80%
6 Tottenham
79%
1 Lens
64%
1 Lens
63%
1 Rennes
63%
6 West Ham
55%
2 Aston Villa
54%
2 Leicester
54%
1 Nantes
54%
4 Saint-Etienne
54%
1 Toulouse
54%
3 Bordeaux
50%
1 Montpellier
50%
1 Brest
48%
2 Everton
48%
7 Newcastle
48%
3 Nice
48%
1 Crystal Palace
46%
1 Bayern Munich
43%
4 Brighton
41%
2 Sochaux
38%
4 Auxerre
36%
6 Southampton
36%
3 Sunderland
36%
7 Bournemouth
34%
1 Séville
34%
2 AS Roma
32%
2 Dijon
32%
6 Nancy
32%
2 Caen
30%
1 Inter Milan
30%
1 Leeds
30%
1 Wolves
29%
1 Burnley
27%
2 Norwich
27%
3 Hull City
25%
7 West Brom
25%
1 Celtic
23%
2 Valenciennes
23%
1 France
21%
1 Le Mans
21%
1 QPR
21%
1 Swansea
20%
3 Watford
20%
1 Angleterre
18%
5 Cardiff
18%
1 Derby County
18%
1 Evian Thonon Gaillard
18%
2 Stoke City
18%
1 Wigan
18%
1 Islande
16%
1 Suède
16%
2 Tunisie
16%
1 Hongrie
14%
2 Huddersfield
14%
1 Schalke
14%
1 Ecosse
13%
1 Égypte
13%
1 Norvège
13%
4 Russie
13%
1 Sparta Prague
13%
1 Déportivo Alavès
9%
2 Gibraltar
9%
1 Mexique
9%
1 République Tchèque
9%
4 Chypre
7%
1 Estonie
7%
1 Grenade
7%
2 Macédoine
7%
1 Andorre
5%
1 Dunkerque
5%
1 Elche
5%
1 Genk
5%
1 Huesca
5%
1 Israël
5%
1 Monténégro
5%
2 AC Ajaccio
4%
2 Bosnie-Herzégovine
4%
1 Chantilly
4%
1 Genoa
4%
1 Kazakhstan
4%
2 Maribor
4%
1 MK Dons
4%
1 Qarabag
4%
1 Forbach
2%
1 Sloboda Uzice
2%
Aucun quiz correspondant
Distribution des résultats
% des personnes avec chaque résultat
Percentile par nombre de réponses
Votre historique - résultats
Vous n’avez pas pris ce quiz